[Event "EYb16, Budva YUG"]
[Site "?"]
[Date "2003.??.??"]
[Round "3"]
[White "Bove, A."]
[Black "Gavariev, R."]
[Result "1/2-1/2"]
[WhiteElo "2125"]
[BlackElo "2255"]
[PlyCount "36"]
[EventDate "2003.??.??"]

1. e4 c6 2. d4 d5 3. f3 g6 4. Nc3 Bg7 5. Be3 e6 6. Qd2 Nd7 7. O-O-O Nb6 8. Kb1
Bd7 9. g4 Qe7 10. Bg5 f6 11. Bf4 O-O-O 12. exd5 exd5 13. Na4 g5 14. Bg3 f5 15.
Qa5 f4 16. Nc5 Kb8 17. Bf2 Nf6 18. Qb4 Rhe8 1/2-1/2

[Event "EYb16, Budva YUG"]
[Site "?"]
[Date "2003.??.??"]
[Round "3"]
[White "Shelajev, O."]
[Black "Nazarov, V."]
[Result "1-0"]
[WhiteElo "2025"]
[BlackElo "2175"]
[PlyCount "177"]
[EventDate "2003.??.??"]

1. d4 Nf6 2. c4 g6 3. Nf3 Bg7 4. Nc3 d5 5. Qb3 dxc4 6. Qxc4 O-O 7. e4 c6 8. Be2
h6 9. O-O Be6 10. Qd3 Nbd7 11. Nd2 Qc7 12. f4 Rad8 13. f5 gxf5 14. exf5 Bd5 15.
Qh3 Qd6 16. Nf3 Ne4 17. Bd3 Nxc3 18. bxc3 Qf6 19. Bf4 c5 20. Ne5 cxd4 21. cxd4
Qb6 22. Be3 Qb2 23. Rab1 Qxg2+ 24. Qxg2 Bxg2 25. Kxg2 Nxe5 26. Be2 Nc6 27. Rxb7
Nxd4 28. Ba6 Rd5 29. f6 Bxf6 30. Bxh6 Rc8 31. Rxa7 Rc2+ 32. Rf2 Rxf2+ 33. Kxf2
Nf5 34. Ra8+ Kh7 35. Bf4 e5 36. Bc1 Rc5 37. Rc8 Ra5 38. Bd3 Bh4+ 39. Kf3 Kg6
40. Rc4 e4+ 41. Rxe4 Kg7 42. Bb2+ Kf8 43. a4 Be7 44. Rg4 Nd6 45. Bg7+ Ke8 46.
Bc3 Rh5 47. Rg8+ Kd7 48. Rg2 Nf5 49. Rd2 Nh4+ 50. Kg4 Rg5+ 51. Kf4 Rc5 52. Bb5+
Kc8 53. Rd3 Ng6+ 54. Ke4 f5+ 55. Kf3 Ne5+ 56. Bxe5 Rxe5 57. Kf4 Rc5 58. Bd7+
Kc7 59. Bxf5 Bf6 60. Bd7 Bg5+ 61. Kg4 Bf6 62. Bb5 Rc3 63. Rd7+ Kc8 64. Rd5 Rc1
65. a5 Ra1 66. a6 Kb8 67. Kf5 Bh4 68. Rd3 Bf2 69. Ke6 Kc7 70. Rb3 Re1+ 71. Kf5
Ra1 72. Be2 Ra4 73. Rb7+ Kd6 74. Rh7 Kd5 75. Bf3+ Kd6 76. Bb7 Kc5 77. Rd7 Kb6
78. Rd6+ Ka7 79. Rg6 Be3 80. Rg4 Ra1 81. h4 Rf1+ 82. Kg6 Rf2 83. h5 Rh2 84. Re4
Bd2 85. Re6 Bc1 86. Re7 Kb8 87. Rh7 Bd2 88. Be4 Be3 89. Rb7+ 1-0

[Event "EYb16, Budva YUG"]
[Site "?"]
[Date "2003.??.??"]
[Round "3"]
[White "Miron, L."]
[Black "Volodin, A."]
[Result "1-0"]
[WhiteElo "2175"]
[BlackElo "2310"]
[PlyCount "61"]
[EventDate "2003.??.??"]

1. e4 c5 2. g3 Nc6 3. Bg2 d6 4. d3 g6 5. f4 Bg7 6. Nf3 e6 7. O-O Nge7 8. c3 O-O
9. Be3 Rb8 10. Nbd2 b5 11. g4 f5 12. h3 b4 13. Qc2 bxc3 14. bxc3 fxe4 15. dxe4
Qa5 16. Rfc1 Ba6 17. Nb3 Qc7 18. Rd1 Nc8 19. e5 dxe5 20. Nxc5 Bc4 21. Ng5 exf4
22. Ngxe6 Qe5 23. Bf2 Bxe6 24. Nxe6 N8e7 25. Nxf8 Rxf8 26. Bf3 Qa5 27. Qe4 Ne5
28. Bd4 N7c6 29. Qd5+ Kh8 30. Bxe5 Qxd5 31. Bxg7+ 1-0

[Event "EYb16, Budva YUG"]
[Site "?"]
[Date "2003.??.??"]
[Round "3"]
[White "Vandenbussche, T."]
[Black "Pavlik, G."]
[Result "1-0"]
[WhiteElo "2040"]
[BlackElo "2145"]
[PlyCount "99"]
[EventDate "2003.??.??"]

1. e4 d5 2. exd5 Nf6 3. Nc3 Nxd5 4. Bc4 c6 5. d4 Be6 6. Be2 Bf5 7. Nxd5 Qxd5 8.
Nf3 e6 9. O-O Be7 10. c4 Qd8 11. b3 O-O 12. Bb2 Qb6 13. Bd3 Bxd3 14. Qxd3 Rd8
15. Rad1 Bf6 16. Rfe1 a5 17. Ne5 Nd7 18. Ng4 Qb4 19. Nxf6+ Nxf6 20. d5 Ne8 21.
Bc3 Qd6 22. Be5 Qd7 23. dxc6 Qxd3 24. Rxd3 Rxd3 25. cxb7 Rad8 26. b8=Q Rxb8 27.
Bxb8 Kf8 28. Ba7 Ke7 29. Bb6 a4 30. bxa4 Kd7 31. a5 Kc6 32. Kf1 Nd6 33. c5 Nb7
34. a4 Rc3 35. Re5 Nxc5 36. Rxc5+ Rxc5 37. Bxc5 Kxc5 38. Ke2 e5 39. g4 f6 40.
Kd3 g6 41. h4 f5 42. gxf5 gxf5 43. h5 h6 44. f3 Kd5 45. a6 Kc6 46. a5 Kc7 47.
Kc4 Kb8 48. Kd5 e4 49. fxe4 f4 50. Kd4 1-0

[Event "EYb16, Budva YUG"]
[Site "?"]
[Date "2003.??.??"]
[Round "3"]
[White "Ravic, N."]
[Black "Zickus, S."]
[Result "1/2-1/2"]
[WhiteElo "2085"]
[BlackElo "2140"]
[PlyCount "156"]
[EventDate "2003.??.??"]

1. e4 d6 2. d4 Nf6 3. Nc3 g6 4. f4 Bg7 5. Nf3 O-O 6. Bd3 Na6 7. a3 c5 8. dxc5
Nxc5 9. O-O Ng4 10. Qe1 a6 11. h3 Nf6 12. Qh4 Nxd3 13. cxd3 e5 14. f5 gxf5 15.
Bg5 Qb6+ 16. Kh1 d5 17. Bxf6 Qxf6 18. Qxf6 Bxf6 19. Nxd5 Bd8 20. Nxe5 Re8 21.
Nc4 fxe4 22. Nd6 Re5 23. dxe4 Be6 24. Rad1 b5 25. Nb7 Kg7 26. Nf4 Bc4 27. Rf3
Bg5 28. Nd6 Bxf4 29. Rxf4 Be6 30. Rc1 Ra7 31. Rc6 Kf8 32. Kh2 Ke7 33. Nc8+ Bxc8
34. Rxc8 Rd7 35. Rc6 Re6 36. Rc8 Rg6 37. Rf2 Re6 38. Rh8 h6 39. Kg3 Rg6+ 40.
Kh2 Re6 41. Ra8 Rc7 42. g4 Rd6 43. Kg3 Ke6 44. Re8+ Re7 45. Rxe7+ Kxe7 46. Kf4
Rd3 47. Rf3 Rd2 48. b4 Rc2 49. Ke5 Rc6 50. Rd3 Re6+ 51. Kf4 Rf6+ 52. Ke3 Rc6
53. Kf4 Rf6+ 54. Kg3 Rc6 55. Kh4 Ke6 56. Rf3 Ke7 57. Kh5 Kf8 58. h4 Kg7 59. g5
hxg5 60. hxg5 Re6 61. Rf4 Rc6 62. Kg4 Rc3 63. Rf3 Rc6 64. Kf5 a5 65. Rd3 Rc4
66. bxa5 Ra4 67. Rd7 Rxa5 68. Rd5 Rxa3 69. Rxb5 Ra1 70. Ke5 Rd1 71. Rd5 Ra1 72.
Rd3 Kg6 73. Rg3 Ra5+ 74. Kf4 Ra1 75. Rb3 Rf1+ 76. Kg4 Rg1+ 77. Kf4 Rxg5 78.
Rb6+ f6 1/2-1/2

[Event "EYb16, Budva YUG"]
[Site "?"]
[Date "2003.??.??"]
[Round "4"]
[White "Magalashvili, D."]
[Black "Balogh, C."]
[Result "1/2-1/2"]
[WhiteElo "2250"]
[BlackElo "2460"]
[PlyCount "30"]
[EventDate "2003.??.??"]

1. Nf3 Nf6 2. c4 e6 3. Nc3 Bb4 4. Qc2 c5 5. a3 Ba5 6. e3 O-O 7. Be2 d6 8. O-O
Nbd7 9. Rb1 Bxc3 10. Qxc3 b6 11. b4 Bb7 12. Bb2 Qe7 13. d4 Ne4 14. Qb3 cxd4 15.
exd4 b5 1/2-1/2

[Event "EYb16, Budva YUG"]
[Site "?"]
[Date "2003.??.??"]
[Round "4"]
[White "Kaplan, S."]
[Black "Zinchenko, Y."]
[Result "1/2-1/2"]
[WhiteElo "2205"]
[BlackElo "2320"]
[PlyCount "28"]
[EventDate "2003.??.??"]

1. e4 c5 2. c3 d5 3. exd5 Qxd5 4. d4 Nf6 5. Nf3 Bg4 6. dxc5 Qxc5 7. Na3 a6 8.
h3 Bh5 9. Be3 Qc6 10. Be2 Nbd7 11. Qb3 e6 12. O-O Bc5 13. Nc4 Bxe3 14. Nxe3 Nc5
1/2-1/2

[Event "EYb16, Budva YUG"]
[Site "?"]
[Date "2003.??.??"]
[Round "4"]
[White "Eisenbeiser, A."]
[Black "Mamedov, Rau"]
[Result "0-1"]
[WhiteElo "2230"]
[BlackElo "2405"]
[PlyCount "120"]
[EventDate "2003.??.??"]

1. e4 c5 2. Nf3 d6 3. c3 Nf6 4. Bd3 g6 5. h3 Bg7 6. Bc2 O-O 7. d4 Nc6 8. dxc5
dxc5 9. Qe2 Qc7 10. O-O Nh5 11. Re1 Ne5 12. Nh2 c4 13. g4 Nf6 14. f4 Ned7 15.
Na3 Nb6 16. Be3 Bd7 17. Nf3 Bc6 18. Bd4 Ne8 19. Ne5 Nd6 20. Nxc6 Qxc6 21. Rad1
e5 22. fxe5 Ne8 23. Qf2 Nd7 24. Qh2 Nc7 25. b3 b5 26. bxc4 bxc4 27. e6 Nxe6 28.
Bxg7 Kxg7 29. Qd6 Qxd6 30. Rxd6 Ne5 31. Kf2 Rab8 32. Rd5 f6 33. Ra5 Rf7 34. Rb1
Ra8 35. Rd1 Rb8 36. Rb1 Rxb1 37. Bxb1 Rd7 38. Rd5 Rxd5 39. exd5 Nf4 40. d6
Nxh3+ 41. Kg3 Ng5 42. d7 Nxd7 43. Nxc4 Kf7 44. Na5 Ke6 45. Nc6 a6 46. Bd3 Nc5
47. Bc4+ Kd6 48. Nb4 Nge4+ 49. Kh4 Nxc3 50. Nxa6 Nxa6 51. Bxa6 Nxa2 52. Bc4 Nc3
53. Bg8 Ke7 54. Bc4 Ne4 55. Bd5 Ng5 56. Bb7 Kd6 57. Ba8 Ke5 58. Bb7 Kf4 59. Bc8
Nf3+ 60. Kh3 Ne5 0-1

[Event "EYb16, Budva YUG"]
[Site "?"]
[Date "2003.??.??"]
[Round "4"]
[White "Romanov, E."]
[Black "Ponkratov, P."]
[Result "1-0"]
[WhiteElo "2405"]
[BlackElo "2295"]
[PlyCount "101"]
[EventDate "2003.??.??"]

1. e4 e5 2. Nf3 Nc6 3. Bb5 f5 4. Nc3 Nf6 5. exf5 e4 6. Ng5 d5 7. d3 h6 8. Ne6
Bxe6 9. fxe6 Qd6 10. dxe4 Qxe6 11. O-O dxe4 12. Re1 Bb4 13. Bf4 O-O 14. Bxc7
Rac8 15. Bg3 Rfd8 16. Qc1 Nd4 17. Ba4 Bxc3 18. bxc3 Rxc3 19. Qb2 Rc4 20. Bb3
Nxb3 21. axb3 Rcd4 22. Rxa7 e3 23. Ra8 Kh7 24. fxe3 Rd2 25. Rxd8 Rxd8 26. Qe5
Qc6 27. Qc7 Qxc7 28. Bxc7 Rc8 29. Be5 Ng4 30. Bd4 Rxc2 31. h3 Nf6 32. Rf1 Kg6
33. Rf4 Nh7 34. Re4 Kf7 35. Re5 Rc7 36. Rb5 Ng5 37. Kf2 Ne4+ 38. Kf3 Nd6 39.
Rc5 Rd7 40. e4 Ne8 41. Ke3 Nc7 42. Be5 Na6 43. Rd5 Re7 44. Bd6 Rd7 45. Kd4 Ke6
46. Be5 Re7 47. Rd6+ Kf7 48. Rb6 Rd7+ 49. Kc4 Re7 50. Bd6 Rxe4+ 51. Kd5 1-0

[Event "EYb16, Budva YUG"]
[Site "?"]
[Date "2003.??.??"]
[Round "4"]
[White "Malinovsky, K."]
[Black "Pokazanjev, N."]
[Result "1/2-1/2"]
[WhiteElo "2215"]
[BlackElo "2380"]
[PlyCount "56"]
[EventDate "2003.??.??"]

1. e4 e5 2. Nf3 Nc6 3. Bb5 a6 4. Ba4 Nf6 5. d4 exd4 6. O-O Be7 7. e5 Ne4 8.
Nxd4 O-O 9. Nf5 d5 10. Bxc6 bxc6 11. Nxe7+ Qxe7 12. Re1 f6 13. f3 Nc5 14. b3
fxe5 15. Ba3 Rf6 16. Qe2 Rg6 17. Nc3 Bh3 18. g3 Rf8 19. Na4 Qh4 20. Bxc5 Rxg3+
21. hxg3 Qxg3+ 22. Kh1 Rxf3 23. Bg1 Re3 24. Bh2 Qg6 25. Qf2 Qe4+ 26. Kg1 Qg4+
27. Kh1 Qe4+ 28. Kg1 Qg6+ 1/2-1/2

[Event "EYb16, Budva YUG"]
[Site "?"]
[Date "2003.??.??"]
[Round "4"]
[White "Lappage, J."]
[Black "Papin, V."]
[Result "1/2-1/2"]
[WhiteElo "2205"]
[BlackElo "2370"]
[PlyCount "133"]
[EventDate "2003.??.??"]

1. e4 c5 2. Nc3 Nc6 3. f4 g6 4. Nf3 Bg7 5. Bb5 Nd4 6. O-O Nxb5 7. Nxb5 d6 8. a4
Nf6 9. d3 O-O 10. Qe1 a6 11. Nc3 Rb8 12. Qh4 e6 13. f5 Nd7 14. Bg5 f6 15. fxe6
Ne5 16. e7 Qxe7 17. Nd5 Qd8 18. Be3 Ng4 19. Bd2 Be6 20. Bc3 Bxd5 21. Qxg4 Bc6
22. Qe6+ Kh8 23. Nh4 Qd7 24. Qxd7 Bxd7 25. a5 Bc6 26. Rf2 Rf7 27. Raf1 Rbf8 28.
g4 Kg8 29. Ng2 Bd7 30. h3 f5 31. Bxg7 Kxg7 32. Ne3 fxe4 33. dxe4 Rxf2 34. Rxf2
Re8 35. Nc4 Re6 36. Rd2 Bc6 37. Nxd6 Kf6 38. Rf2+ Ke7 39. Nf7 Rxe4 40. Ng5 Re1+
41. Kh2 h6 42. Nf7 h5 43. Nh8 Be4 44. gxh5 gxh5 45. Kg3 Kd6 46. Nf7+ Kc6 47.
Kh4 Ra1 48. Rf6+ Kc7 49. c3 Rxa5 50. Kxh5 c4+ 51. Kh6 Ra2 52. h4 Rxb2 53. h5 a5
54. Ng5 Bd3 55. Rf8 b5 56. Ra8 b4 57. Rxa5 bxc3 58. Ne6+ Kb6 59. Ra1 c2 60. Nd4
Rb1 61. Nxc2 Rxa1 62. Nxa1 Kb5 63. Kg5 Kb4 64. Kf4 Kc3 65. Ke3 Kb2 66. Kd4 Kxa1
67. Kc3 1/2-1/2

[Event "EYb16, Budva YUG"]
[Site "?"]
[Date "2003.??.??"]
[Round "4"]
[White "Moranda, W."]
[Black "Ris, R."]
[Result "1-0"]
[WhiteElo "2355"]
[BlackElo "2205"]
[PlyCount "131"]
[EventDate "2003.??.??"]

1. e4 c6 2. d4 d5 3. e5 Bf5 4. c3 e6 5. Be3 Nd7 6. Nd2 Qb6 7. Qb3 f6 8. f4 g5
9. Ngf3 gxf4 10. Bxf4 Bh6 11. Bxh6 Nxh6 12. exf6 Qxb3 13. axb3 Nxf6 14. h3 Nf7
15. g4 Bg6 16. Bg2 Bd3 17. O-O-O O-O 18. Rde1 Ne4 19. Re3 Nf2 20. Ne1 Bg6 21.
Rf1 Ng5 22. h4 Nge4 23. Nxe4 Bxe4 24. Bxe4 Nxe4 25. Ref3 Rxf3 26. Rxf3 c5 27.
dxc5 Nxc5 28. b4 Ne4 29. Nd3 a5 30. bxa5 Rxa5 31. Kc2 Kg7 32. Ne5 Kg8 33. Nd7
Ra1 34. Rf8+ Kg7 35. Rb8 Nd6 36. Nc5 Kf6 37. Nxb7 Nc4 38. g5+ Ke5 39. Nc5 Rg1
40. Nd3+ Ke4 41. Nc5+ Ke5 42. Nd7+ Kf5 43. b4 Rg2+ 44. Kb3 Kg4 45. Rh8 Rb2+ 46.
Ka4 Ra2+ 47. Kb5 Nd6+ 48. Kb6 Nf5 49. Ne5+ Kf4 50. Nd3+ Kg4 51. Ne5+ Kf4 52.
Nf7 Nxh4 53. Rxh7 Ng6 54. Kc5 Rc2 55. Rh3 Kg4 56. Re3 Kf5 57. b5 e5 58. Kxd5
Rd2+ 59. Kc5 Ke6 60. Nh6 Rd5+ 61. Kb4 Ne7 62. Ng4 Nf5 63. Re1 Nd6 64. Rxe5+
Rxe5 65. Nxe5 Kxe5 66. c4 1-0

[Event "EYb16, Budva YUG"]
[Site "?"]
[Date "2003.??.??"]
[Round "4"]
[White "Meier, Geo"]
[Black "Shelajev, O."]
[Result "1-0"]
[WhiteElo "2300"]
[BlackElo "2025"]
[PlyCount "47"]
[EventDate "2003.??.??"]

1. Nf3 Nf6 2. g3 b6 3. Bg2 Bb7 4. O-O e6 5. c4 Be7 6. Nc3 c5 7. b3 O-O 8. Bb2
a6 9. e3 d6 10. d4 Nfd7 11. d5 exd5 12. Nxd5 Bxd5 13. Qxd5 Ra7 14. Rfd1 Qc7 15.
Ng5 Ne5 16. f4 Ng4 17. Nxh7 Nxe3 18. Qh5 Rd8 19. Bd5 Nxd5 20. Rxd5 Qc8 21. Re1
Nc6 22. Rxe7 Rxe7 23. Nf6+ gxf6 24. Rg5+ 1-0

[Event "EYb16, Budva YUG"]
[Site "?"]
[Date "2003.??.??"]
[Round "4"]
[White "Gavariev, R."]
[Black "Jurcik, Mari"]
[Result "1/2-1/2"]
[WhiteElo "2255"]
[BlackElo "2160"]
[PlyCount "40"]
[EventDate "2003.??.??"]

1. d4 d6 2. c4 e5 3. dxe5 dxe5 4. Qxd8+ Kxd8 5. Nc3 c6 6. e4 Nd7 7. Be3 Bc5 8.
Bxc5 Nxc5 9. Rd1+ Kc7 10. g3 a5 11. Bh3 Ne7 12. Bxc8 Raxc8 13. Nf3 f6 14. Ke2
Rhd8 15. Ke3 Ng6 16. h4 Nf8 17. h5 Nfe6 18. Rxd8 Rxd8 19. Rd1 Rxd1 20. Nxd1 Kd6
1/2-1/2

[Event "EYb16, Budva YUG"]
[Site "?"]
[Date "2003.??.??"]
[Round "4"]
[White "Dimovski, Ne"]
[Black "Rakitskij, D."]
[Result "0-1"]
[WhiteElo "2100"]
[BlackElo "2180"]
[PlyCount "36"]
[EventDate "2003.??.??"]

1. e4 c5 2. Nf3 Nc6 3. d4 cxd4 4. Nxd4 Nf6 5. Nc3 e6 6. Be3 Bb4 7. Bd3 d5 8.
Nxc6 bxc6 9. exd5 exd5 10. Bd2 O-O 11. O-O Bd6 12. Bg5 Be6 13. Qf3 h6 14. Bxf6
Qxf6 15. Qxf6 gxf6 16. f4 Rab8 17. b3 Bc5+ 18. Kh1 Bd4 0-1

[Event "EYb16, Budva YUG"]
[Site "?"]
[Date "2003.??.??"]
[Round "4"]
[White "Skoberne, J."]
[Black "Rodic, Do"]
[Result "1-0"]
[WhiteElo "2085"]
[BlackElo "2100"]
[PlyCount "39"]
[EventDate "2003.??.??"]

1. g3 g6 2. Bg2 Bg7 3. e4 c5 4. Ne2 Nc6 5. c3 e6 6. O-O Nge7 7. d4 cxd4 8. Nxd4
Nxd4 9. cxd4 d5 10. exd5 Nxd5 11. Nc3 Ne7 12. Bf4 Qb6 13. Be5 O-O 14. Na4 Qb5
15. Rc1 Bxe5 16. Rc5 Qb4 17. dxe5 b5 18. Bxa8 Ba6 19. a3 Qxa4 20. Bf3 1-0

[Event "EYb16, Budva YUG"]
[Site "?"]
[Date "2003.??.??"]
[Round "4"]
[White "Pavlik, G."]
[Black "Huang, H."]
[Result "1-0"]
[WhiteElo "2145"]
[BlackElo "2080"]
[PlyCount "59"]
[EventDate "2003.??.??"]

1. e4 e6 2. d4 d5 3. e5 c5 4. c3 Nc6 5. Nf3 cxd4 6. cxd4 Qb6 7. a3 a5 8. Nc3
Bd7 9. Na4 Qc7 10. Bd3 Rb8 11. Nc3 Na7 12. Be3 b5 13. Rc1 Qb6 14. O-O Ne7 15.
Ng5 h6 16. Nh7 Qb7 17. Nxf8 Kxf8 18. Qd2 Nf5 19. Ne2 Qb6 20. Rc5 Nxe3 21. fxe3
Ke7 22. Nf4 Rhc8 23. Rxd5 Rc6 24. Qf2 g5 25. Ng6+ Kd8 26. Rxd7+ Kxd7 27. Qxf7+
Kc8 28. Ne7+ Kd8 29. Nxc6+ Nxc6 30. Qf8+ 1-0

[Event "EYb16, Budva YUG"]
[Site "?"]
[Date "2003.??.??"]
[Round "5"]
[White "Ramesa, D."]
[Black "Zickus, S."]
[Result "1/2-1/2"]
[WhiteElo "2155"]
[BlackElo "2140"]
[PlyCount "108"]
[EventDate "2003.??.??"]

1. c4 f5 2. Nc3 Nf6 3. g3 g6 4. Bg2 e5 5. d3 Bg7 6. Nf3 d6 7. O-O O-O 8. Rb1 a5
9. a3 h6 10. c5 Nc6 11. b4 axb4 12. axb4 g5 13. cxd6 cxd6 14. b5 Ne7 15. Qb3+
Kh7 16. Ba3 Ng6 17. Nd2 Re8 18. Nd5 Be6 19. Bb2 Qd7 20. Rfc1 Qf7 21. Nxf6+ Bxf6
22. Qb4 d5 23. b6 Re7 24. Nb3 f4 25. Nc5 Bf5 26. Ra1 Rf8 27. Qb3 e4 28. dxe4
dxe4 29. Qxf7+ Rfxf7 30. Bxf6 Rxf6 31. Na4 Bd7 32. Nc3 Bc6 33. Rd1 f3 34. exf3
exf3 35. Bf1 Ne5 36. h3 h5 37. Ra5 Kg6 38. Nd5 Bxd5 39. Rdxd5 Nf7 40. Bd3+ Kg7
41. h4 gxh4 42. gxh4 Rf4 43. Rxh5 Rg4+ 44. Kf1 Rd7 45. Rad5 Rd4 46. Rxd7 Rxd7
47. Bc2 Rd6 48. Kg1 Rxb6 49. Be4 Rb2 50. Bxf3 b5 51. Rd5 b4 52. Rb5 Nd6 53. Rb6
Nc4 54. Rb7+ Kf6 1/2-1/2

[Event "EYb16, Budva YUG"]
[Site "?"]
[Date "2003.??.??"]
[Round "5"]
[White "Rakitskij, D."]
[Black "Glicenstein, A."]
[Result "0-1"]
[WhiteElo "2180"]
[BlackElo "2305"]
[PlyCount "52"]
[EventDate "2003.??.??"]

1. e4 c5 2. Nf3 Nc6 3. d4 cxd4 4. Nxd4 e5 5. Nb5 d6 6. N1c3 a6 7. Na3 Be6 8.
Nc4 Rb8 9. Ne3 Nf6 10. Ned5 Bxd5 11. exd5 Ne7 12. Bg5 Qa5 13. Bxf6 gxf6 14. Bc4
Rc8 15. Bb3 f5 16. Qd2 Bg7 17. f3 e4 18. Nxe4 Qb6 19. Nc3 Rxc3 20. bxc3 Qc5 21.
Ke2 Bxc3 22. Qe3 Bd4 23. Qd3 Bxa1 24. Rxa1 O-O 25. Kf1 Ng6 26. Re1 Nf4 0-1

[Event "EYb16, Budva YUG"]
[Site "?"]
[Date "2003.??.??"]
[Round "5"]
[White "Ponkratov, P."]
[Black "Djokic, V."]
[Result "1-0"]
[WhiteElo "2295"]
[BlackElo "2155"]
[PlyCount "87"]
[EventDate "2003.??.??"]

1. e4 c5 2. Nf3 e6 3. c3 d5 4. e5 Nc6 5. d4 Qb6 6. a3 cxd4 7. cxd4 Bd7 8. b4
Rc8 9. Be3 Nge7 10. Bd3 Nf5 11. O-O Be7 12. Nbd2 Nxe3 13. fxe3 O-O 14. Nb3 a5
15. Nc5 Rc7 16. Na4 Qa7 17. b5 b6 18. bxc6 Bxc6 19. Nc3 g6 20. Qb3 a4 21. Qb2
Qa5 22. Rfb1 Rb8 23. Nb5 Bxb5 24. Bxb5 Rc3 25. Bxa4 Rxe3 26. Qb5 Qa7 27. Rb3
Rxb3 28. Qxb3 Qa5 29. Bb5 Rc8 30. a4 g5 31. h3 Rc3 32. Qd1 h6 33. Nh2 Qb4 34.
Rb1 Qa3 35. Kf1 Rc7 36. Kg1 Kg7 37. Be2 Qa2 38. Bh5 Rc2 39. Ng4 Ba3 40. Bxf7 h5
41. Bxh5 Qxb1 42. Qxb1 Rc1+ 43. Qxc1 Bxc1 44. Nh2 1-0

[Event "EYb16, Budva YUG"]
[Site "?"]
[Date "2003.??.??"]
[Round "5"]
[White "Vandenbussche, T."]
[Black "Teitelbaums, A."]
[Result "1-0"]
[WhiteElo "2040"]
[BlackElo "2170"]
[PlyCount "65"]
[EventDate "2003.??.??"]

1. e4 c5 2. Nf3 e6 3. d4 cxd4 4. Nxd4 a6 5. c4 Qc7 6. Bd3 Nc6 7. Nxc6 dxc6 8.
O-O e5 9. Be3 Nf6 10. h3 Be6 11. Nc3 Rd8 12. Qe2 Nd7 13. Rfc1 Bc5 14. b4 Bxb4
15. Nd5 Bxd5 16. cxd5 c5 17. Qg4 Kf8 18. Rab1 Ba5 19. a4 h5 20. Qh4 f6 21. Qg3
b6 22. Bxa6 Kf7 23. d6 Qxd6 24. Bc4+ Kf8 25. Rd1 Qe7 26. Rd3 g5 27. Rbd1 Kg7
28. h4 g4 29. f3 Nb8 30. fxg4 Rxd3 31. gxh5+ Kf8 32. Rxd3 Nc6 33. Bh6+ 1-0

[Event "EYb16, Budva YUG"]
[Site "?"]
[Date "2003.??.??"]
[Round "5"]
[White "Volodin, A."]
[Black "Vicol, D."]
[Result "0-1"]
[WhiteElo "2310"]
[BlackElo "2190"]
[PlyCount "60"]
[EventDate "2003.??.??"]

1. d4 d5 2. c4 e6 3. Nc3 Nf6 4. cxd5 exd5 5. Bg5 Nbd7 6. Nf3 c6 7. e3 Bd6 8.
Bd3 Nf8 9. Qc2 Ng6 10. O-O h6 11. Bxf6 Qxf6 12. Bxg6 Qxg6 13. Qxg6 fxg6 14. Ne5
g5 15. e4 Bxe5 16. dxe5 d4 17. Ne2 c5 18. b4 b6 19. bxc5 bxc5 20. Rfc1 Ba6 21.
Ng3 Rc8 22. Nf5 Kf7 23. Rc2 d3 24. Rc3 Ke6 25. Rac1 c4 26. Ra3 Bb7 27. Rxa7
Bxe4 28. Nd6 d2 29. Rf1 Bd3 30. Rd1 c3 0-1

[Event "EYb16, Budva YUG"]
[Site "?"]
[Date "2003.??.??"]
[Round "5"]
[White "Czarnota, P."]
[Black "Kaplan, S."]
[Result "1/2-1/2"]
[WhiteElo "2350"]
[BlackElo "2205"]
[PlyCount "184"]
[EventDate "2003.??.??"]

1. e4 e5 2. Nf3 Nc6 3. Bb5 a6 4. Ba4 Nf6 5. O-O Be7 6. Re1 b5 7. Bb3 d6 8. a4
b4 9. d4 exd4 10. Bd5 Bb7 11. Nxd4 Qd7 12. Nxc6 Bxc6 13. Bxc6 Qxc6 14. Nd2 O-O
15. Nb3 Nd7 16. Nd4 Qc4 17. b3 Qc3 18. Rb1 Bf6 19. Nf5 Qc6 20. Bb2 Kh8 21. Bxf6
Nxf6 22. f3 Rfe8 23. Qd2 Qc5+ 24. Kh1 Nd7 25. Rbd1 Rad8 26. Qc1 Nb6 27. Qg5 Qe5
28. a5 Nd7 29. Qh4 Qf6 30. Qh3 Re5 31. Ne3 Rxa5 32. Nd5 Qe6 33. Qxe6 fxe6 34.
Nxb4 Rc5 35. Rd2 a5 36. Nd3 Rc6 37. Kg1 Ra8 38. Ra1 Rca6 39. Nb2 Nc5 40. Na4
Nxa4 41. Rxa4 Kg8 42. Kf2 Rb8 43. Rdd4 Rc6 44. Rdc4 Rbb6 45. Ke3 Rxc4 46. Rxc4
c6 47. Rd4 d5 48. exd5 cxd5 49. Ra4 Rc6 50. Ra2 e5 51. f4 exf4+ 52. Kxf4 Kf7
53. Ke3 Ke6 54. Kd3 Rc5 55. Ra4 Ke5 56. Rh4 h6 57. Rh5+ Kd6 58. Rf5 Rc7 59. Rf8
Ra7 60. Rf4 Rc7 61. Ra4 Rc5 62. Rg4 Rc7 63. h4 Ke5 64. Rg6 Ra7 65. h5 Rc7 66.
Ra6 Rc5 67. Ra7 Kf6 68. g4 d4 69. Kxd4 Rg5 70. Ra6+ Kf7 71. Kd3 Rxg4 72. Rxa5
Ke6 73. c4 Rg3+ 74. Kc2 Kd6 75. b4 Rh3 76. Ra7 Rxh5 77. Rxg7 Rh3 78. Kb2 h5 79.
Rh7 h4 80. Rh5 Kc6 81. Rh6+ Kc7 82. c5 Rg3 83. Rxh4 Kc6 84. Rc4 Kb5 85. Rd4 Rh3
86. Kc2 Rg3 87. Kd2 Rb3 88. Re4 Rh3 89. Re3 Rh2+ 90. Kc3 Rh4 91. Re8 Rc4+ 92.
Kd3 Rxb4 1/2-1/2

[Event "EYb16, Budva YUG"]
[Site "?"]
[Date "2003.??.??"]
[Round "5"]
[White "Zinchenko, Y."]
[Black "Romanov, E."]
[Result "1/2-1/2"]
[WhiteElo "2320"]
[BlackElo "2405"]
[PlyCount "77"]
[EventDate "2003.??.??"]

1. e4 e5 2. Nf3 Nc6 3. Bb5 a6 4. Ba4 Nf6 5. O-O Be7 6. Re1 b5 7. Bb3 d6 8. c3
O-O 9. h3 Nb8 10. d4 Nbd7 11. Nbd2 Bb7 12. Bc2 c5 13. b3 Re8 14. d5 Nb6 15. a4
Qd7 16. a5 Nc8 17. b4 cxb4 18. cxb4 Bf8 19. Nf1 Nh5 20. Ng3 Nxg3 21. fxg3 Ne7
22. g4 Ng6 23. g3 Be7 24. Rf1 Rac8 25. Bb3 Rc7 26. Ra2 Rec8 27. Be3 Rc3 28. Bd2
R3c7 29. Qe2 h6 30. Raa1 Qd8 31. h4 Qd7 32. Nh2 Nf8 33. Rf2 Qe8 34. Nf1 Rb8 35.
Ne3 Bc8 36. Raf1 Bd8 37. Nf5 Bxf5 38. Rxf5 Nh7 39. R5f2 1/2-1/2

[Event "EYb16, Budva YUG"]
[Site "?"]
[Date "2003.??.??"]
[Round "5"]
[White "Balogh, C."]
[Black "Kuzmicz, K."]
[Result "1-0"]
[WhiteElo "2460"]
[BlackElo "2310"]
[PlyCount "65"]
[EventDate "2003.??.??"]

1. e4 c6 2. c4 g6 3. Nc3 Bg7 4. Nf3 e5 5. d4 d6 6. Be2 Nd7 7. O-O Ngf6 8. h3
O-O 9. d5 Nc5 10. Qc2 cxd5 11. cxd5 Qc7 12. Na4 b6 13. Be3 a5 14. Nd2 Bd7 15.
Nc3 Na4 16. Rfc1 Rac8 17. Qd1 Nc5 18. Qf1 Ne8 19. Bb5 f5 20. Bxd7 Qxd7 21. Qb5
Qd8 22. f3 Rb8 23. Nc4 Bf6 24. Rc2 Rf7 25. Bxc5 dxc5 26. Rd1 Rd7 27. Qc6 b5 28.
Nxb5 Rdb7 29. a4 Nc7 30. Ncd6 Rb6 31. Qxc7 Qxc7 32. Nxc7 Rxd6 33. Nb5 1-0

[Event "EYb16, Budva YUG"]
[Site "?"]
[Date "2003.??.??"]
[Round "5"]
[White "Ryzhov, I."]
[Black "Moranda, W."]
[Result "0-1"]
[WhiteElo "2240"]
[BlackElo "2355"]
[PlyCount "90"]
[EventDate "2003.??.??"]

1. d4 Nf6 2. c4 e6 3. Nf3 c5 4. d5 exd5 5. cxd5 d6 6. Nc3 g6 7. h3 Bg7 8. e4
O-O 9. Bd3 a6 10. a4 Nbd7 11. O-O Nh5 12. Bg5 Bf6 13. Bh6 Bg7 14. Bg5 Bf6 15.
Bh6 Re8 16. Qd2 Ne5 17. Nxe5 Bxe5 18. Ne2 Qb6 19. Rab1 Bd7 20. b3 Bg7 21. Be3
Qc7 22. g4 Nf6 23. Ng3 Rec8 24. f4 b5 25. g5 Ne8 26. f5 Be5 27. Qf2 Ng7 28. Bf4
Bd4 29. Be3 Be5 30. Bf4 Bd4 31. Be3 Bxe3 32. Qxe3 bxa4 33. e5 dxe5 34. fxg6
fxg6 35. d6 Qxd6 36. Bc4+ Be6 37. Rbd1 Qc7 38. Ne4 Rd8 39. Bxe6+ Nxe6 40. Nf6+
Kh8 41. Nd5 Qg7 42. Rf6 Nd4 43. Nb6 Rab8 44. Rdf1 Nf5 45. Qxe5 Rxb6 0-1

[Event "EYb16, Budva YUG"]
[Site "?"]
[Date "2003.??.??"]
[Round "5"]
[White "Lenic, L."]
[Black "Malinovsky, K."]
[Result "1/2-1/2"]
[WhiteElo "2385"]
[BlackElo "2215"]
[PlyCount "55"]
[EventDate "2003.??.??"]

1. e4 e5 2. Nf3 Nc6 3. Bb5 a6 4. Ba4 Nf6 5. O-O Be7 6. Bxc6 dxc6 7. d3 Nd7 8.
Nbd2 O-O 9. Nc4 f6 10. Nh4 Nc5 11. Nf5 Ne6 12. Nxe7+ Qxe7 13. Ne3 Bd7 14. Nf5
Qf7 15. Qg4 Kh8 16. Qg3 c5 17. f4 exf4 18. Bxf4 Nxf4 19. Qxf4 Bxf5 20. Qxf5 Qe7
21. Rf3 Rfe8 22. Raf1 c4 23. Rh3 h6 24. dxc4 Qxe4 25. Rxh6+ gxh6 26. Qxf6+ Kh7
27. Qf7+ Kh8 28. Qf6+ 1/2-1/2